[Event "Lagos City Asibor Memorial 2nd"]
[Site "Lagos City"]
[Date "2024.01.26"]
[Round "3"]
[White "Ekunke, Odey Goodness"]
[Black "Abdulraheem, Abdulrahman Akintoy"]
[Result "0-1"]
[WhiteElo "2151"]
[BlackElo "2210"]
[PlyCount "80"]
[EventDate "2024.01.25"]
[EventType "swiss"]
[EventRounds "7"]
[EventCountry "NGR"]
[SourceTitle "CB05_2024"]
[SourceDate "2024.01.31"]
[SourceVersion "1"]
[SourceVersionDate "2024.01.31"]
[SourceQuality "1"]

1. e4 c5 2. Nf3 e6 3. d4 cxd4 4. Nxd4 a6 5. Bd3 Nf6 6. 0-0 d6 7. c4 Be7 8. Nc3 0-0 9. Re1 Nbd7 10. Nf3 b6 11. h3 Bb7 12. Qe2 Rc8 13. Rd1 Qc7 14. Bg5 Rfe8 15. Rac1 Qb8 16. Bb1 Qa8 17. Bf4 Qb8 18. Rd2 h6 19. Bh2 Ne5 20. Nxe5 dxe5 21. Rcd1 Bb4 22. Rc2 Red8 23. Rdc1 Rd4 24. a3 Bf8 25. Ba2 Rcd8 26. Re1 R8d7 27. Kh1 Be7 28. f3 Nh5 29. g4 Nf4 30. Bxf4 exf4 31. Rd1 Qd8 32. Rxd4 Rxd4 33. Rc1 Bc5 34. Rd1 Qh4 35. Qf1 Rxd1 36. Nxd1 Bd4 37. Bb1 h5 38. g5 e5 39. Bd3 Bc8 40. Qg2 Bxh3 0-1